00691nam a2200241 a 4500001001300000003000900013005001700022008004100039020001000080082001500090100002700105245003300132260004000165300000700205500003500212505001300247650003700260700002700297902000800324942000700332952009500339999001500434nice12345678IN_TiNIC20260116011642.0050524s1931 kasa grp 000 0 ara  ac10000a220.6bSMP aSwedish Mission, Press aKitabul Muqaddesning Beyani. aKashgarbAlbert Mission Pressc1931 a7p aincludes index and biblioraphy2 aAppendix aBible-Criticism & Interpretation1 aSwedish Mission, Press bSRS cBK 00104070aHMIbHMId2007-06-15g100.00l0o220.6 SMPp5823r2007-06-15w2026-01-16yARB c3155d3155